000 nam a22 a 4500
999 _c3551
_d3551
003 AKMAL
005 20170523110212.0
008 170523s1983 ny 00 eng d
020 _a0442208707
040 _aAKMAL
082 0 4 _a658.72 AUE
090 0 0 _a658.72
_bAUE
100 1 _aAuer, Joseph
_97074
245 1 0 _aMajor equipment procurement /
_cJoseph Auer, Charles Edison Harris
260 _aNew York :
_bV.N. Reinhold Co.,
_cc1983
300 0 0 _axi, 436p. :
_bill. ;
_c27cm
504 _aBibliography: p.429
650 0 _aIndustrial equipment
_xPurchasing
_97075
650 0 _aCapital investments
_97076
700 1 _aHarris, Charles Edison
_97077
942 _2ddc
_cBOOK